|
|
|
|
| LEADER |
00000nam0a2200000 4500 |
| 001 |
118741 |
| 005 |
20231031124314.0 |
| 035 |
|
|
|a (RuTPU)RU\TPU\book\128487
|
| 090 |
|
|
|a 118741
|
| 100 |
|
|
|a 20070618d1963 m y0rusy50 ca
|
| 101 |
0 |
|
|a rus
|
| 102 |
|
|
|a RU
|
| 105 |
|
|
|a a z 001zy
|
| 200 |
1 |
|
|a Зарубежные пластические (консистентные) смазки
|f В. В. Синицын
|
| 210 |
|
|
|a Москва
|c Гостоптехиздат
|d 1963
|
| 215 |
|
|
|a 137 с.
|c ил.
|
| 320 |
|
|
|a Библиогр.: с. 132-136.
|
| 610 |
1 |
|
|a смазка
|
| 610 |
1 |
|
|a консистентные смазки
|
| 610 |
1 |
|
|a производства
|
| 610 |
1 |
|
|a технология
|
| 610 |
1 |
|
|a тара
|
| 610 |
1 |
|
|a применение
|
| 610 |
1 |
|
|a оценка качества
|
| 610 |
1 |
|
|a спецификация
|
| 610 |
1 |
|
|a стандарты
|
| 610 |
1 |
|
|a ассортимент
|
| 675 |
|
|
|a 621.892
|v 3
|
| 675 |
|
|
|a 665.521
|v 3
|
| 700 |
|
1 |
|a Синицын
|b В. В.
|g Владимир Владимирович
|
| 801 |
|
1 |
|a RU
|b 63413507
|c 20070618
|g PSBO
|
| 801 |
|
2 |
|a RU
|b 63413507
|c 20080418
|g PSBO
|
| 942 |
|
|
|c BK
|